000
00212nam a22000857a 4500
008
170111b xxu||||| |||| 00| 0 eng d
100
_9
2316
_a
Amaral.M.
245
_a
Butterfly Readers-5
260
_a
New Delhi
_b
J.P.
_c
2009
999
_c
5245
_d
5245